000 00304nam a2200109Ia 4500
008 220204s9999 xx 000 0 und d
082 _a330.59:301.188.1
_bREP
245 0 _aReport of the Indian famine commission
260 _aNew Delhi
_bAgricole
_c1979
650 _aFinance commission report
942 _cBK
999 _c36613
_d36613